| 000 | 00332nam a22001337a 4500 | ||
|---|---|---|---|
| 022 | _a0907432255 | ||
| 080 | _a347.44= 20 SH 64 | ||
| 245 | _aShipbuilding Contracts | ||
| 260 |
_aLondon _bLLoyd s of London Press Ltd. _c1982 |
||
| 300 | _a228 P: | ||
| 650 |
_2IEDCYT _xcontratos _xgarantias |
||
| 942 | _2cdu | ||
| 945 |
_acd _d2016-08-09 |
||
| 999 |
_c4366 _d234870 |
||